Like a Villain - Bad Omens - Statistics

General Stats
  • This quiz has been taken 10 times
  • The average score is 266 of 329
Answer Stats
⫘⫘ % Correct
a
100%
are
100%
be
100%
couldn't
100%
don't
100%
I
100%
Like
100%
me
100%
need
100%
needed
100%
villain,
100%
you
100%
You
100%
your
100%
again
80%
all
80%
All
80%
alone
80%
and
80%
being
80%
brand
80%
cause
80%
clean
80%
consequence
80%
dents,
80%
didn't
80%
different
80%
enough
80%
even
80%
fables,
80%
face,
80%
face
80%
hard
80%
holding
80%
how
80%
I'll
80%
in,
80%
in
80%
into
80%
it
80%
it,
80%
it's
80%
know
80%
long
80%
Look
80%
look
80%
mirror,
80%
my
80%
myself
80%
new
80%
not
80%
on
80%
pain,
80%
place
80%
pretend
80%
put
80%
same,
80%
secrets,
80%
secrets
80%
slate
80%
tales
80%
tell
80%
tell,
80%
the
80%
then
80%
there?
80%
To
80%
to
80%
wait
80%
wanna
80%
We
80%
we're
80%
When
80%
with
80%
without
80%
act
60%
but
60%
go
60%
is
60%
meant
60%
out
60%
page,
60%
see
60%
So
60%
so
60%
staged,
60%
that
60%
well,
60%
write
60%
yet
60%
you're
60%
away,
40%
burn
40%
come
40%
edge
40%
fell
40%
fire
40%
fuck
40%
hardest,
40%
legs
40%
missing
40%
overstayed
40%
pushed
40%
slipped,
40%
tables
40%
think
40%
tried
40%
turning
40%
welcome
40%
while
40%
you've
40%
No matching quizzes found
Score Distribution
Percent of People with Each Score
Percentile by Number Answered
Your Score History
You have not taken this quiz